00441 a2200169 450000100060000002000150000604000220002110000220004324000170006524500120008230000080009436200090010265000230011194200070013495201130014199900170025456860 a8532515614 cAnchieta - Pituba aGandolfi, Silvana10aAldabralpor10aAldabra a1670 a2003 4aLiteratura juvenil cBK 00104070a91.1b91.1d2023-11-21l0oLJ 028.5 G196a GAN ALDp6556/PITr2023-11-21 18:24:25w2023-11-21yBK c56860d56860